Hacia un manejo integrado del ambiente y la salud en el quehacer del equipo básico de atención integral de la salud /
Kaydedildi:
| Yazar: | |
|---|---|
| Materyal Türü: | Metin |
| Etiketler: |
Etiketle
Etiket eklenmemiş, İlk siz ekleyin!
|
MARC
| LEADER | 00000 a a2200000 04500 | ||
|---|---|---|---|
| 001 | 8287 | ||
| 003 | |||
| 040 | |||
| 100 | |a Villalobos Solano, Luis B. | ||
| 245 | |a Hacia un manejo integrado del ambiente y la salud en el quehacer del equipo básico de atención integral de la salud / |c Luis B. Villalobos Solano | ||
| 773 | |g volumen 9, núm 1, páginas 13-26 | ||
| 999 | |c 27817 |d 27817 | ||
